14神奈川県の市区町村(選択形式) - Statistics

General Stats
  • This quiz has been taken 67 times
  • The average score is 36 of 58
Answers on the Map
Answers color-coded by a green-red scale on the quiz's map according to % correct below.
 
Answer Stats
Answer % Correct
29:横須賀市
89%
56:湯河原町
83%
36:三浦市
81%
38:厚木市
81%
27:相模原市中央区
79%
08:横浜市金沢区
77%
19:川崎市川崎区
77%
35:逗子市
77%
33:小田原市
74%
45:葉山町
74%
55:真鶴町
74%
26:相模原市緑区
72%
32:藤沢市
72%
46:寒川町
72%
28:相模原市南区
70%
31:鎌倉市
70%
23:川崎市多摩区
68%
47:大磯町
68%
30:平塚市
66%
39:大和市
66%
42:座間市
66%
52:山北町
66%
54:箱根町
66%
01:横浜市鶴見区
62%
02:横浜市神奈川区
62%
10:横浜市戸塚区
62%
20:川崎市幸区
62%
25:川崎市麻生区
62%
34:茅ヶ崎市
62%
41:海老名市
62%
44:綾瀬市
62%
48:二宮町
62%
53:開成町
62%
18:横浜市都筑区
60%
21:川崎市中原区
60%
24:川崎市宮前区
60%
37:秦野市
60%
40:伊勢原市
60%
04:横浜市中区
57%
09:横浜市港北区
57%
17:横浜市青葉区
57%
22:川崎市高津区
57%
51:松田町
57%
06:横浜市保土ケ谷区
53%
57:愛川町
53%
03:横浜市西区
51%
07:横浜市磯子区
51%
16:横浜市泉区
51%
43:南足柄市
51%
11:横浜市港南区
49%
58:清川村
49%
13:横浜市緑区
47%
15:横浜市栄区
47%
50:大井町
47%
05:横浜市南区
45%
14:横浜市瀬谷区
45%
12:横浜市旭区
43%
49:中井町
40%
No matching quizzes found
Score Distribution
Percent of People with Each Score
Percentile by Number Answered
Your Score History
You have not taken this quiz